Sporcle Subcategories Typing Challenge Quiz Stats

 Plays Quiz Updated Oct 16, 2016

Challenge
Share
Tweet
Embed
Score 0/44 Timer 01:00
2 Plays Today
Word(s) Type here % Correct
????
100%
????
99.4%
????
99%
????
98.6%
????
98.2%
????
97.9%
????
97.7%
????
97.4%
????
97.2%
????
96.9%
????
96.7%
????
96.5%
????
96.2%
????
95.9%
????
95.6%
????
95.2%
????
94.8%
????
94.3%
????
93.7%
????
92.5%
????
91.5%
????
90.1%
Word(s) Type here % Correct
????
88.2%
????
86.4%
????
84.2%
????
80.8%
????
77.9%
????
74.5%
????
70.3%
????
65.2%
????
60.1%
????
53.8%
????
47.9%
????
41.3%
????
34.1%
????
27.9%
????
22.7%
????
17%
????
13.3%
????
10.2%
????
7.5%
????
4.9%
????
2.9%
????
1.3%

You're not logged in!

Compare scores with friends on all Sporcle quizzes.
OR
Log In

You Might Also Like...

Show Comments

Extras

Top Quizzes Today


Score Distribution

Your Account Isn't Verified!

In order to create a playlist on Sporcle, you need to verify the email address you used during registration. Go to your Sporcle Settings to finish the process.

Report this User

Report this user for behavior that violates our Community Guidelines.

Details: